000 00487nam a22001697a 4500
005 20240905155236.0
008 240905b |||||||| |||| 00| 0 eng d
020 _a9780071107662
082 _a004.21
_bWHI-S
100 _aWhitten, Jeffrey L.
245 _aSystems Analysis & Design Methods /
_cJeffrey L.Whitten
260 _aUSA:
_bCengage Learning;
_c2007.
300 _axiv, 747 p. :
_bill;
_c27 cm.
500 _ainclude index.
650 _aInformation technology
999 _c36545
_d36545